Central termodinamica (Record no. 136792)

MARC details
000 -LEADER
fixed length control field 00585nam a22001697a 4500
005 - DATE AND TIME OF LATEST TRANSACTION
control field 20210616091343.0
008 - FIXED-LENGTH DATA ELEMENTS--GENERAL INFORMATION
fixed length control field 170920b mx ||||| |||| 00| 0 spa d
050 04 - LIBRARY OF CONGRESS CALL NUMBER
Classification number TK1191
Item number C46 1984
110 2# - MAIN ENTRY--CORPORATE NAME
Corporate name or jurisdiction name as entry element Comisión Federal de Electricidad
245 10 - TITLE STATEMENT
Title Central termodinamica
Remainder of title : José López Portillo
Statement of responsibility, etc / Comisión Federal de electricidad
250 ## - EDITION STATEMENT
Edition statement 1a ed.
260 ## - PUBLICATION, DISTRIBUTION, ETC. (IMPRINT)
Place of publication, distribution, etc México :
Name of publisher, distributor, etc Comisión Federal de Electricidad,
Date of publication, distribution, etc c1984
300 ## - PHYSICAL DESCRIPTION
Extent 96 p. :
Other physical details il.;
Dimensions 28 cm.
610 1# - SUBJECT ADDED ENTRY--CORPORATE NAME
Corporate name or jurisdiction name as entry element Central Termo Dinamica José López Portillo
651 1# - SUBJECT ADDED ENTRY--GEOGRAPHIC NAME
Geographic name Coahuila (México )
General subdivision Historia
942 ## - ADDED ENTRY ELEMENTS (KOHA)
Source of classification or shelving scheme Biblioteca del Cogreso de los Estados Unidos
Koha item type Libro
Holdings
Estado de pérdida Fuente de clasificación Estado del daño No para préstamo Ubicación permanente Ubicación actual Apartado o colección Fecha de adquisición Fuente de adquisición Edición Área del conocimiento Clasificación Código de Barras Date last seen Número de copia Costo por reposición Tipo de recurso Total Checkouts
  Biblioteca del Cogreso de los Estados Unidos     Biblioteca de la Facultad de Ingeniería Eléctrica Biblioteca de la Facultad de Ingeniería Eléctrica General 20/09/2017 Unidad Académica 1a ed. Ingeniería y Tecnología TK1191 C46 1984 BIE000004957 20/09/2017 C:1 1.00 Libro  
  Biblioteca del Cogreso de los Estados Unidos     Biblioteca de la Facultad de Ingeniería Eléctrica Biblioteca de la Facultad de Ingeniería Eléctrica General 16/06/2021 Unidad Académica 1a ed. Ingeniería y Tecnología TK1191 C46 1984 BIE000004958 16/06/2021 C:2 1.00 Libro  
  Biblioteca del Cogreso de los Estados Unidos     Biblioteca de la Facultad de Ingeniería Eléctrica Biblioteca de la Facultad de Ingeniería Eléctrica General 16/06/2021 Unidad Académica 1a ed. Ingeniería y Tecnología TK1191 C46 1984 BIE000004959 16/06/2021 C:3 1.00 Libro  
  Biblioteca del Cogreso de los Estados Unidos     Biblioteca de la Facultad de Ingeniería Eléctrica Biblioteca de la Facultad de Ingeniería Eléctrica General 16/06/2021 Unidad Académica 1a ed. Ingeniería y Tecnología TK1191 C46 1984 BIE000004960 16/06/2021 C:4 1.00 Libro  
  Biblioteca del Cogreso de los Estados Unidos     Biblioteca de la Facultad de Ingeniería Eléctrica Biblioteca de la Facultad de Ingeniería Eléctrica General 16/06/2021 Unidad Académica 1a ed. Ingeniería y Tecnología TK1191 C46 1984 BIE000004961 16/06/2021 C:5 1.00 Libro